Normal view
MARC view
- الساسيون الاردنيون-تراجم ، التل، وصفي مصطفى الوهبي 1919-1971
Entry Topical Term
001 - CONTROL NUMBER
- control field: 49971
003 - CONTROL NUMBER IDENTIFIER
- control field: JO-AjAnu
005 - DATE AND TIME OF LATEST TRANSACTION
- control field: 20230606082230.0
008 - FIXED-LENGTH DATA ELEMENTS
- fixed length control field: 230606|| aca||aabn | a|a d
040 ## - CATALOGING SOURCE
- Original cataloging agency: JO-AjAnu
- Transcribing agency: JO-AjAnu
150 ## - HEADING--TOPICAL TERM
- Topical term or geographic name entry element: الساسيون الاردنيون-تراجم ، التل، وصفي مصطفى الوهبي 1919-1971
670 ## - SOURCE DATA FOUND
- Source citation: Work cat.: (JO-AjAnu)25550: المركز الاردني والاسلامي بالتعاون مع وزارة الثقافة/عمان-الاردن, author 49970, وصفي التل فكرة ومواقفه: وقائع ندوة